000 00313nam a22001217a 4500
008 160429b xxu||||| |||| 00| 0 eng d
020 _a9780683021530
020 _a06383021532
041 _aeng
080 _a618.2
245 _aNursing diagnosis:
_cHelen C. Hinz; Mittie D. Hinz; Mary Ann Lubno;
942 _2udc
_cBK
999 _c1670
_d1670